000
00207nam a22001097a 4500
082
_a
621.38FRA
100
_a
Fraswr
245
_a
Telecommunications
260
_a
London
_c
1970
300
_a
803
942
_c
BK
999
_c
12931
_d
12931